[Event "Tournoi Skype 011B"]
[Site "Skype"]
[Date "????.??.??"]
[Round "1.1"]
[White "Hargez, Dany"]
[Black "Milanese, Serge"]
[Result "0-1"]
[WhiteElo "1476"]
[BlackElo "1289"]
[PlyCount "70"]

1. e4 d5 2. e5 Nc6 3. d4 Bf5 4. Bb5 a6 5. Bxc6+ bxc6 6. Nf3 e6 7. O-O Nh6 8.
Bf4 Be7 9. Qd2 Rb8 10. b3 c5 11. Qe3 c4 12. Nbd2 Ng4 13. Qc3 Bb4 14. Qb2 c3 15.
Qc1 cxd2 16. Bxd2 h6 17. h3 c5 18. c3 Be4 19. hxg4 Bxf3 20. gxf3 Qh4 21. Kg2 a5
22. Rh1 Qd8 23. a3 g5 24. axb4 axb4 25. cxb4 cxd4 26. Bxg5 Qb6 27. Bd2 d3 28.
g5 Qd4 29. Qc6+ Kf8 30. Qd6+ Kg7 31. gxh6+ Kh7 32. Rh3 Rbg8+ 33. Rg3 Qxa1 34.
Rxg8 Rxg8+ 35. Kh3 Qh1# 0-1

[Event "Tournoi Skype 011B"]
[Site "Skype"]
[Date "????.??.??"]
[Round "1.2"]
[White "Prasad Singh, Ambika"]
[Black "Talbot, Jacques"]
[Result "0-1"]
[WhiteElo "1284"]
[BlackElo "1471"]
[PlyCount "112"]

1. e4 e5 2. Nf3 d6 3. h3 Nf6 4. d4 exd4 5. Bb5+ c6 6. Bd3 Be7 7. Nxd4 O-O 8.
O-O Nbd7 9. Be3 Ne5 10. Nc3 Nxd3 11. cxd3 c5 12. Nb3 Be6 13. f4 d5 14. exd5
Nxd5 15. Nxd5 Bxd5 16. Nxc5 Re8 17. Qd2 Rc8 18. d4 Bc6 19. b3 Qd5 20. Rad1 Rcd8
21. Nd3 Bf6 22. Ne5 Be7 23. Qb2 f6 24. Nxc6 Qxc6 25. Rc1 Qe4 26. Rfe1 Qg6 27.
Rc7 Qe4 28. Kf2 Rc8 29. Rec1 Rxc7 30. Rxc7 Bd6 31. Rc1 Qxe3+ 32. Kf1 Bxf4 33.
Rd1 Rc8 34. Qe2 Qxe2+ 35. Kxe2 Rc2+ 36. Kf3 g5 37. a4 Rb2 38. Rd3 Rd2 39. Rxd2
Bxd2 40. Ke4 Kf7 41. Kd5 Ke7 42. g3 h5 43. g4 hxg4 44. hxg4 Kd7 45. Ke4 Ke6 46.
d5+ Kd6 47. Kd4 a6 48. Ke4 Bc3 49. Kd3 Ba1 50. Ke4 Bb2 51. b4 b5 52. axb5 axb5
53. Kd3 Kxd5 54. Kc2 Bd4 55. Kd3 Ke5 56. Ke2 Kf4 0-1

[Event "Tournoi Skype 011B"]
[Site "Skype"]
[Date "????.??.??"]
[Round "1.3"]
[White "Mulrooney, Justin"]
[Black "Picard, Mario"]
[Result "1-0"]
[WhiteElo "1465"]
[BlackElo "1277"]
[PlyCount "63"]

1. d4 d5 2. c4 e6 3. Nc3 Nf6 4. Nf3 Nbd7 5. cxd5 exd5 6. e3 Bb4 7. Be2 O-O 8.
O-O Re8 9. Qc2 Qe7 10. a3 Bd6 11. Nb5 Bxh2+ 12. Nxh2 a6 13. Nxc7 Nb6 14. Nxe8
Qxe8 15. Bd2 Qd8 16. Ba5 Nfd7 17. Bf3 Qe7 18. Bxb6 Nxb6 19. Qc5 Qxc5 20. dxc5
Nd7 21. Rac1 Ne5 22. Bxd5 Nd3 23. Rc2 Bf5 24. e4 Bg6 25. f3 Rd8 26. Bxb7 a5 27.
c6 Re8 28. c7 Ne5 29. c8=Q Kf8 30. Qc5+ Re7 31. Qxa5 Rxb7 32. Qd8# 1-0

[Event "Tournoi Skype 011B"]
[Site "Skype"]
[Date "????.??.??"]
[Round "1.4"]
[White "Talbot, Jean"]
[Black "Briere, Jean"]
[Result "0-1"]
[WhiteElo "1000"]
[BlackElo "1451"]
[PlyCount "54"]

1. e4 e5 2. Nf3 Nc6 3. d4 exd4 4. Nxd4 Bc5 5. Be3 Qf6 6. c3 Nge7 7. Bb5 O-O 8.
O-O a6 9. Bxc6 Nxc6 10. Nxc6 Qxc6 11. Qd5 Qxd5 12. exd5 Be7 13. Nd2 b6 14. c4
Bf6 15. Rab1 d6 16. Ne4 Be7 17. h3 Bf5 18. f3 h6 19. g4 Bg6 20. Rbd1 f5 21. Ng3
f4 22. Bf2 fxg3 23. Bxg3 Rae8 24. Rde1 Bf6 25. b4 Rxe1 26. Rxe1 Bc3 27. Rb1
Bxb1 0-1

[Event "Tournoi Skype 011B"]
[Site "Skype"]
[Date "????.??.??"]
[Round "1.5"]
[White "Vervoort, Jean-Louis"]
[Black "Ramirez Reina, Orlando"]
[Result "0-1"]
[WhiteElo "1291"]
[BlackElo "1447"]
[PlyCount "84"]

1. e4 c6 2. d4 d6 3. Nf3 Bg4 4. Be2 Bxf3 5. Bxf3 Qc7 6. O-O Nd7 7. b3 Ngf6 8.
Bb2 e5 9. c3 Be7 10. Nd2 O-O 11. Re1 Rfe8 12. Nf1 g6 13. Ng3 Bf8 14. Qd3 Bg7
15. Re2 Re7 16. Rae1 Rae8 17. Ba3 c5 18. Rc2 b6 19. b4 c4 20. Qd2 b5 21. Bc1 h5
22. h4 Kh7 23. Kh2 Ng4+ 24. Bxg4 hxg4 25. f3 Nf6 26. fxg4 Nxg4+ 27. Kh3 Qd7 28.
Nh5 gxh5 29. Kg3 Bh6 30. Qe2 Bxc1 31. Rcxc1 Rg8 32. Kf3 Qe6 33. g3 Rg6 34. Rf1
Rf6+ 35. Kg2 Rxf1 36. Rxf1 Qg6 37. Rf3 Re6 38. Qf1 Qxe4 39. Kg1 f6 40. Rf5 Kg6
41. a3 Ne3 42. Qf2 Nxf5 0-1

[Event "Tournoi Skype 011B"]
[Site "Skype"]
[Date "????.??.??"]
[Round "1.6"]
[White "Martin, Jean-Claude"]
[Black "Prasad, Sanjay"]
[Result "1-0"]
[WhiteElo "1272"]
[BlackElo "1439"]
[PlyCount "101"]

1. d4 d5 2. c4 c6 3. Nc3 dxc4 4. Nf3 Be6 5. e4 Nf6 6. e5 Ng8 7. Ng5 Qd7 8. Nxe6
Qxe6 9. Be2 Na6 10. a3 f6 11. Bf4 O-O-O 12. Bg4 f5 13. Bf3 Qd7 14. Ne2 e6 15.
O-O g6 16. Bg5 Be7 17. Bxe7 Nxe7 18. Rc1 Nd5 19. Rxc4 h5 20. Qc2 Nb8 21. Bxd5
exd5 22. Rc3 Qc7 23. Nf4 Qf7 24. Rg3 h4 25. Rxg6 h3 26. g3 Rdg8 27. Rxg8+ Qxg8
28. Qxf5+ Kc7 29. e6 Qf8 30. Qf7+ Qxf7 31. exf7 Nd7 32. Ng6 Rd8 33. Re1 Kc8 34.
Re8 a6 35. Rxd8+ Kxd8 36. f8=Q+ Nxf8 37. Nxf8 Ke7 38. Ng6+ Kf6 39. Nf4 Kf5 40.
Nxh3 Ke4 41. f4 Kxd4 42. Nf2 b5 43. h4 c5 44. h5 Ke3 45. h6 d4 46. h7 b4 47.
h8=Q bxa3 48. bxa3 d3 49. Qe5+ Kd2 50. Nxd3 Kxd3 51. Qxc5 1-0

[Event "Tournoi Skype 011B"]
[Site "Skype"]
[Date "????.??.??"]
[Round "1.7"]
[White "Gerbaux, Regis"]
[Black "Martin, Elise"]
[Result "1-0"]
[WhiteElo "1436"]
[BlackElo "1217"]
[PlyCount "65"]

1. e4 e5 2. Nf3 Nc6 3. d4 d6 4. d5 Nce7 5. c4 Nf6 6. Nc3 Ng6 7. Be2 Bg4 8. h3
Bh5 9. g4 Bxg4 10. hxg4 Nxg4 11. Ng5 Nxf2 12. Kxf2 Qf6+ 13. Ke1 h6 14. Nh3 Qh4+
15. Kd2 Be7 16. Qa4+ Kf8 17. Kc2 Qg3 18. Bd2 Qg2 19. Rag1 Qxh1 20. Rxh1 Nh4 21.
Qd7 g5 22. Rf1 Ng6 23. Qe6 Ke8 24. Qxf7+ Kd7 25. Qf5+ Ke8 26. Qxg6+ Kd7 27. c5
dxc5 28. Qf5+ Kd8 29. Qxe5 Re8 30. Nb5 Rc8 31. Bg4 a6 32. Qe6 axb5 33. Qxc8#
1-0

[Event "Tournoi Skype 011B"]
[Site "Skype"]
[Date "????.??.??"]
[Round "1.9"]
[White "Coruble, Didier"]
[Black "Dhenain, Sebastien"]
[Result "0-1"]
[WhiteElo "1430"]
[BlackElo "1214"]
[PlyCount "66"]

1. Nf3 d5 2. e3 Nc6 3. Be2 e5 4. O-O Nf6 5. c4 e4 6. Ne1 Be6 7. Nc3 d4 8. exd4
Nxd4 9. d3 exd3 10. Bxd3 Be7 11. Nf3 Bg4 12. Be2 Bxf3 13. Bxf3 Nxf3+ 14. Qxf3
O-O 15. Rd1 Qb8 16. Bf4 Bb4 17. Nd5 Nxd5 18. cxd5 Rd8 19. Qb3 Bd6 20. Bg5 Re8
21. f4 Be7 22. Bxe7 Rxe7 23. Rd4 Qe8 24. Rdd1 c6 25. d6 Rd7 26. f5 Rad8 27. f6
Rxd6 28. Re1 Re6 29. Rf1 Re2 30. Qxb7 Rdd2 31. Qe7 Rxg2+ 32. Kh1 Rxh2+ 33. Kg1
Rdg2# 0-1

[Event "Tournoi Skype 011B"]
[Site "Skype"]
[Date "????.??.??"]
[Round "1.10"]
[White "Dupere, Francois"]
[Black "Steenkamp, Brandt"]
[Result "1-0"]
[WhiteElo "1205"]
[BlackElo "1430"]
[PlyCount "57"]

1. e4 e5 2. Bc4 Nf6 3. Nc3 Nc6 4. a3 Bc5 5. h3 O-O 6. d3 d6 7. Nge2 Re8 8. O-O
Nd7 9. Be3 Qf6 10. Bxc5 Nxc5 11. Nd5 Qg6 12. Nxc7 Bxh3 13. Ng3 Bd7 14. Nxa8
Rxa8 15. Qd2 h5 16. Qe3 b6 17. Bb5 Kh7 18. Bxc6 Bxc6 19. Nf5 Bxe4 20. dxe4 Rh8
21. Nh4 Qg4 22. Qg3 Qxg3 23. fxg3 Nxe4 24. Rxf7 Ng5 25. Rxa7 d5 26. Rf1 Ne4 27.
Rff7 Ng5 28. Rxg7+ Kh6 29. Nf5# 1-0

[Event "Tournoi Skype 011B"]
[Site "Skype"]
[Date "????.??.??"]
[Round "1.11"]
[White "Mordaa, Ahmad"]
[Black "Grib, Jessica"]
[Result "1-0"]
[WhiteElo "1426"]
[BlackElo "1199"]
[PlyCount "67"]

1. Nf3 d5 2. c4 c6 3. e3 Nf6 4. Nc3 Bg4 5. h3 Bh5 6. d4 e6 7. c5 Nbd7 8. Be2
Qc7 9. Nh4 Bg6 10. O-O e5 11. f4 Be4 12. fxe5 Nxe5 13. dxe5 Qxe5 14. Nf3 Qg3
15. Qe1 Qg6 16. Nh4 Qh6 17. Nxe4 dxe4 18. Nf5 Qg5 19. Nd6+ Bxd6 20. cxd6 O-O
21. Qf2 Nd5 22. Rd1 f5 23. Bc4 f4 24. exf4 Qf5 25. Be3 Kh8 26. Bxd5 cxd5 27.
Qh4 Rg8 28. g4 Qd7 29. Rxd5 Qc6 30. Qg5 h6 31. Qe5 Qc4 32. b3 Qc2 33. Rd2 Qc7
34. dxc7 1-0

[Event "Tournoi Skype 011B"]
[Site "Skype"]
[Date "????.??.??"]
[Round "1.12"]
[White "Lecluyse, Koenraad"]
[Black "Cockayne, Curtis"]
[Result "0-1"]
[WhiteElo "1180"]
[BlackElo "1399"]
[PlyCount "48"]

1. d4 d5 2. Nf3 Nc6 3. e3 Nf6 4. Bd3 e6 5. O-O Be7 6. c3 O-O 7. Nbd2 h6 8. Re1
Qd6 9. e4 dxe4 10. Bxe4 Nxe4 11. Nxe4 Qd5 12. Bf4 f5 13. Ned2 Bd6 14. Bxd6 cxd6
15. Nb3 b6 16. h3 Ne7 17. Re3 f4 18. Rd3 Ng6 19. h4 h5 20. Ng5 Nxh4 21. Kf1
Qxg2+ 22. Ke2 Qxg5 23. Rh3 e5 24. dxe5 Bg4+ 0-1

[Event "Tournoi Skype 011B"]
[Site "Skype"]
[Date "????.??.??"]
[Round "1.13"]
[White "Armingaud, Jean-Claude"]
[Black "Fastrez, Miguel"]
[Result "1-0"]
[WhiteElo "1170"]
[BlackElo "1399"]
[PlyCount "57"]

1. e4 e5 2. Nf3 d6 3. Bc4 Be6 4. d4 Bxc4 5. dxe5 Be7 6. Qd4 Bb5 7. Nc3 Ba6 8.
Qa4+ c6 9. Be3 Qc7 10. Qd4 Bd8 11. e6 Qb6 12. Qxg7 Qxb2 13. Kd2 Nf6 14. Qxh8+
Ke7 15. Bg5 fxe6 16. Bxf6+ Kf7 17. Bxd8 Nd7 18. Qxh7+ Kf8 19. Qxd7 Qb6 20.
Qxd6+ Kg8 21. Bxb6 axb6 22. Qxe6+ Kh7 23. g4 Rd8+ 24. Ke3 b5 25. Qe7+ Kh6 26.
Qxd8 b4 27. g5+ Kh5 28. Qe8+ Kg4 29. h3# 1-0

[Event "Tournoi Skype 011B"]
[Site "Skype"]
[Date "????.??.??"]
[Round "1.14"]
[White "Rugman, Dan"]
[Black "Melin, Christiane"]
[Result "1-0"]
[WhiteElo "1399"]
[BlackElo "1165"]
[PlyCount "57"]

1. e4 Nc6 2. Nf3 Nf6 3. g3 e6 4. d3 Bc5 5. Nbd2 O-O 6. Qe2 Qe7 7. Bg2 d6 8. O-O
b5 9. c4 Rb8 10. b3 e5 11. Bb2 Bg4 12. Rfe1 Qe6 13. Qf1 Nd4 14. Nxd4 exd4 15.
h3 Bh5 16. f3 b4 17. g4 Bg6 18. Nb1 d5 19. exd5 Qe5 20. Rxe5 Rfe8 21. Qe1 Nd7
22. Rxe8+ Rxe8 23. Qxe8+ Nf8 24. Qc8 h6 25. Qxc7 Bxd3 26. Qxc5 Ne6 27. Qxa7 Nf4
28. Qb8+ Kh7 29. Qxf4 1-0

[Event "Tournoi Skype 011B"]
[Site "Skype"]
[Date "????.??.??"]
[Round "1.15"]
[White "Farthouat, Titoine"]
[Black "Sauvaget, Joel"]
[Result "1-0"]
[WhiteElo "1150"]
[BlackElo "1399"]
[PlyCount "37"]

1. e4 e5 2. Nf3 Nc6 3. Bb5 a6 4. Bxc6 dxc6 5. Nxe5 Nf6 6. Nc3 Be7 7. d3 Be6 8.
Bg5 Nd7 9. Bxe7 Qxe7 10. Ng4 Bxg4 11. Qxg4 Nf6 12. Qxg7 O-O-O 13. d4 Rxd4 14.
Qxh8+ Rd8 15. Qg7 Nxe4 16. Nxe4 Qxe4+ 17. Kf1 Rd2 18. Re1 Rxf2+ 19. Kxf2 1-0

[Event "Tournoi Skype 011B"]
[Site "Skype"]
[Date "????.??.??"]
[Round "1.16"]
[White "Strydom, Brett"]
[Black "Rival, Jocelyn"]
[Result "1-0"]
[WhiteElo "1399"]
[BlackElo "1122"]
[PlyCount "48"]

1. e4 Nf6 2. Nc3 e5 3. Nf3 Nc6 4. Bc4 d5 5. Nxd5 Nxe4 6. Qe2 Nd6 7. Nxe5 Qg5 8.
Nxc6+ Be6 9. Nxc7+ Kd7 10. Nxe6 Qxg2 11. Nxf8+ Rhxf8 12. Ne5+ Ke8 13. Nxf7+ Ne4
14. Nd6+ Kd7 15. Rf1 Qxh2 16. Nxe4 Rf4 17. d4 Raf8 18. Bxf4 Rxf4 19. Bb5+ Ke7
20. Ng5+ Kf6 21. Qe5+ Kg6 22. Be8+ Kh6 23. Nf7+ Rxf7 24. Qxh2+ Kg6 1-0

[Event "Tournoi Skype 011B"]
[Site "Skype"]
[Date "????.??.??"]
[Round "1.17"]
[White "Lequeux, Pierre"]
[Black "Cossalter, Maurizio"]
[Result "0-1"]
[WhiteElo "1108"]
[BlackElo "1387"]
[PlyCount "58"]

1. e4 c5 2. Bb5 Nc6 3. d3 e5 4. Nf3 d6 5. h3 Be7 6. d4 cxd4 7. Nbd2 Nf6 8. g4
Qa5 9. Bc4 Nxe4 10. O-O Nxd2 11. Bxd2 Qc7 12. c3 dxc3 13. Bxc3 Bd7 14. Qb3
O-O-O 15. Bxf7 Rhf8 16. Bd2 Be8 17. Qe6+ Qd7 18. Qxd7+ Bxd7 19. Bd5 g6 20. Ne1
h5 21. Bh6 Rh8 22. Bg7 Rh7 23. Bxc6 Bxc6 24. Bxe5 dxe5 25. Nf3 Bxf3 26. Rac1+
Bc6 27. b4 Kb8 28. a4 hxg4 29. hxg4 Rh1# 0-1

[Event "Tournoi Skype 011B"]
[Site "Skype"]
[Date "????.??.??"]
[Round "1.18"]
[White "Capdeville, Jean"]
[Black "Pedneault, Anne-Frederique"]
[Result "1-0"]
[WhiteElo "1384"]
[BlackElo "1066"]
[PlyCount "51"]

1. e4 e5 2. f4 d6 3. Nf3 Nc6 4. Bb5 a6 5. Bxc6+ bxc6 6. d3 Bg4 7. h3 Bxf3 8.
Qxf3 Be7 9. g3 Nf6 10. Nc3 O-O 11. Be3 Rb8 12. b3 c5 13. O-O-O c6 14. h4 Qa5
15. Bd2 Qa3+ 16. Kb1 Bd8 17. Bc1 Qb4 18. Bb2 Ba5 19. g4 Qd4 20. g5 Bxc3 21.
Bxc3 Qxc3 22. gxf6 g6 23. h5 c4 24. hxg6 hxg6 25. Qh3 cxb3 26. Qh7# 1-0

[Event "Tournoi Skype 011B"]
[Site "Skype"]
[Date "????.??.??"]
[Round "1.19"]
[White "Baker, Abi"]
[Black "Porcabeuf, Jean-Marc"]
[Result "0-1"]
[WhiteElo "1034"]
[BlackElo "1360"]
[PlyCount "48"]

1. c4 Nf6 2. g3 e5 3. d3 d6 4. Bg2 b6 5. Bxa8 Ba6 6. Nc3 Nbd7 7. Bg2 Be7 8. e4
O-O 9. Nge2 c5 10. a3 Ng4 11. O-O Bg5 12. f4 exf4 13. Nxf4 Nde5 14. b4 Qf6 15.
Ncd5 Qh6 16. h3 Bc8 17. Qa4 a5 18. bxa5 bxa5 19. Qxa5 Bh4 20. gxh4 Qxh4 21. Rb1
Qg3 22. Ne7+ Kh8 23. Rd1 Nf3+ 24. Kf1 Qf2# 0-1

[Event "Tournoi Skype 011B"]
[Site "Skype"]
[Date "????.??.??"]
[Round "1.20"]
[White "Gharbi, Said"]
[Black "Gagnon, Sindy"]
[Result "1-0"]
[WhiteElo "1355"]
[BlackElo "1012"]
[PlyCount "41"]

1. e4 e5 2. d4 d5 3. Nf3 Bd6 4. dxe5 Be7 5. exd5 Bb4+ 6. c3 Bc5 7. b4 Bb6 8.
Na3 Ne7 9. Bc4 O-O 10. d6 Nec6 11. Nb5 a6 12. Nbd4 Nxd4 13. dxc7 Qxc7 14. cxd4
Nc6 15. Qc2 Rd8 16. Ng5 Bxd4 17. Qxh7+ Kf8 18. Rb1 Ke7 19. Nxf7 Rd7 20. Bg5+
Ke8 21. Qg8# 1-0

[Event "Tournoi Skype 011B"]
[Site "Skype"]
[Date "????.??.??"]
[Round "1.21"]
[White "Farthouat, Catherine"]
[Black "Gabriele, Noel"]
[Result "0-1"]
[WhiteElo "1010"]
[BlackElo "1339"]
[PlyCount "70"]

1. e4 e5 2. Nf3 Nc6 3. Bc4 Nf6 4. d3 d6 5. O-O Be7 6. Ng5 d5 7. exd5 Nxd5 8.
Bb5 O-O 9. Re1 h6 10. Nf3 Bf6 11. Nc3 Nce7 12. Bd2 a6 13. Bc4 Nb6 14. Bb3 c5
15. Na4 Qc7 16. Ba5 Nc6 17. Nxb6 Ra7 18. c3 Nxa5 19. Bc2 Qxb6 20. b3 Re8 21. b4
cxb4 22. Rb1 Nc6 23. cxb4 Nd4 24. Nxd4 Qxd4 25. a3 Bh4 26. g3 Bg5 27. Re4 Qb6
28. Qe1 f6 29. Rxe5 fxe5 30. Qe4 Bh3 31. d4 Qf6 32. dxe5 Rxe5 33. Qd3 Qe7 34.
Rd1 Re1+ 35. Rxe1 Qxe1+ 0-1

[Event "Tournoi Skype 011B"]
[Site "Skype"]
[Date "????.??.??"]
[Round "1.22"]
[White "Alverson, Ginny"]
[Black "Letourneau, Judith"]
[Result "1-0"]
[WhiteElo "1313"]
[BlackElo "1000"]
[PlyCount "55"]

1. Nf3 e6 2. d4 Bb4+ 3. Bd2 Bxd2+ 4. Nbxd2 Nf6 5. e4 O-O 6. Bd3 b6 7. O-O Bb7
8. e5 Nc6 9. exf6 Qxf6 10. Ne4 Qh4 11. Nxh4 Nxd4 12. Qg4 h6 13. Nf6+ Kh8 14.
Rae1 Bd5 15. Nxd5 c6 16. Qxd4 cxd5 17. Re5 Rae8 18. Rh5 f5 19. Ng6+ Kh7 20.
Nxf8+ Rxf8 21. Qe5 Re8 22. Bxf5+ Kg8 23. Re1 exf5 24. Qxe8+ Kh7 25. Qf7 Kh8 26.
Re8+ Kh7 27. Qxf5+ g6 28. Qf7# 1-0

[Event "Tournoi Skype 011B"]
[Site "Skype"]
[Date "????.??.??"]
[Round "1.23"]
[White "Raheja, Shiv"]
[Black "Coude, Josue"]
[Result "1-0"]
[WhiteElo "1303"]
[BlackElo "1104"]
[PlyCount "99"]

1. e4 e5 2. Nf3 Nc6 3. Bc4 Bc5 4. c3 d6 5. d3 Nge7 6. Ng5 O-O 7. Qh5 h6 8. Nxf7
Rxf7 9. Qxf7+ Kh7 10. Qf3 a6 11. Nd2 b5 12. Bf7 Qd7 13. Bh5 g6 14. Bg4 Qe8 15.
Bxc8 Qxc8 16. Qf7+ Kh8 17. Nf3 Qg8 18. Qf6+ Kh7 19. Qh4 h5 20. Ng5+ Kg7 21. Nh3
b4 22. Qg3 a5 23. Be3 Bxe3 24. Qxe3 Rf8 25. O-O d5 26. exd5 Nxd5 27. Qe4 bxc3
28. bxc3 Nde7 29. Rab1 Qxa2 30. Rb7 a4 31. Qxc6 Nxc6 32. Rxc7+ Rf7 33. Rxc6 a3
34. Ra6 Qb2 35. g3 a2 36. c4 a1=Q 37. Raxa1 Qe2 38. Rad1 h4 39. c5 hxg3 40.
hxg3 Qf3 41. c6 Rc7 42. d4 Rxc6 43. dxe5 g5 44. Nxg5 Qf5 45. Nh3 Qxh3 46. Rfe1
Rc2 47. e6 Rc4 48. e7 Re4 49. Rxe4 Kg6 50. e8=Q+ 1-0

[Event "Tournoi Skype 011B"]
[Site "Skype"]
[Date "????.??.??"]
[Round "1.24"]
[White "Marty, Yvette"]
[Black "Farfallini, Michel"]
[Result "0-1"]
[WhiteElo "1000"]
[BlackElo "1293"]
[PlyCount "56"]

1. e4 e5 2. Nf3 Nc6 3. b3 Bc5 4. Bc4 Nf6 5. d3 O-O 6. O-O d5 7. exd5 Nxd5 8.
Qe1 Bg4 9. Nbd2 Re8 10. h3 Bh5 11. Ne4 Nd4 12. Nxd4 Bxd4 13. Ng3 Bxa1 14. Nxh5
Bd4 15. Qe2 Nc3 16. Qg4 g6 17. Bh6 e4 18. Bg7 Bxg7 19. Bxf7+ Kxf7 20. Qf4+ Kg8
21. g4 Ne2+ 22. Kg2 Nxf4+ 23. Nxf4 Bh6 24. Ne2 exd3 25. Ng3 d2 26. Rd1 Qd5+ 27.
Kh2 Re1 28. Rxe1 dxe1=Q 0-1

[Event "Tournoi Skype 011B"]
[Site "Skype"]
[Date "????.??.??"]
[Round "2.1"]
[White "Talbot, Jacques"]
[Black "Gharbi, Said"]
[Result "0-1"]
[WhiteElo "1471"]
[BlackElo "1355"]
[PlyCount "80"]

1. e4 e5 2. Nf3 Nc6 3. d4 d6 4. dxe5 dxe5 5. Qxd8+ Nxd8 6. Nxe5 Nf6 7. Nc3 Bb4
8. Bd3 O-O 9. O-O Bxc3 10. bxc3 Re8 11. Bf4 Nh5 12. g3 Ne6 13. Be3 f6 14. Nf3
b6 15. Bc4 g6 16. Nd4 Kh8 17. Rfd1 Nc5 18. f3 f5 19. exf5 Rxe3 20. fxg6 hxg6
21. Nc6 Bb7 22. Nd8 Bxf3 23. Nf7+ Kg7 24. Rd3 Nxd3 25. cxd3 Rf8 26. Kf2 Rfe8
27. d4 Rxc3 28. Ne5 Rxc4 29. Nxc4 Bd5 30. Ne5 Rf8+ 31. Ke3 Nf6 32. h3 Ne4 33.
g4 Ng3 34. Rg1 Nh1 35. Ke2 Rf2+ 36. Ke3 Rxa2 37. Kf4 Nf2 38. Kg3 Ne4+ 39. Kf4
g5+ 40. Kf5 Rf2+ 0-1

[Event "Tournoi Skype 011B"]
[Site "Skype"]
[Date "????.??.??"]
[Round "2.2"]
[White "Porcabeuf, Jean-Marc"]
[Black "Mulrooney, Justin"]
[Result "0-1"]
[WhiteElo "1360"]
[BlackElo "1465"]
[PlyCount "60"]

1. d4 e6 2. c4 c6 3. Nf3 d5 4. e3 Nf6 5. Nc3 Be7 6. Bd3 dxc4 7. Bxc4 b5 8. Bb3
Bb7 9. a3 O-O 10. O-O Na6 11. Bc2 Nc7 12. Qd3 g6 13. Ne5 a6 14. Re1 c5 15. b4
cxb4 16. axb4 Bxb4 17. Rd1 Bxc3 18. Qxc3 Ncd5 19. Qd3 Nb4 20. Qd2 Nxc2 21. Qxc2
Rc8 22. f3 Rxc2 23. e4 Nd7 24. Bh6 Re8 25. Ng4 Qc7 26. e5 Qc4 27. Ra3 Ra2 28.
Re3 Qc2 29. Kf1 Qxg2+ 30. Ke1 Qg1# 0-1

[Event "Tournoi Skype 011B"]
[Site "Skype"]
[Date "????.??.??"]
[Round "2.3"]
[White "Briere, Jean"]
[Black "Alverson, Ginny"]
[Result "1-0"]
[WhiteElo "1451"]
[BlackElo "1313"]
[PlyCount "121"]

1. e4 c5 2. Nf3 Nc6 3. d4 d6 4. d5 Ne5 5. Nxe5 dxe5 6. Be2 Nf6 7. Nc3 e6 8.
dxe6 Qxd1+ 9. Bxd1 Bxe6 10. O-O Rd8 11. Be3 Bc4 12. Re1 Be7 13. b3 Be6 14. Be2
O-O 15. f3 Nh5 16. Rf1 f5 17. f4 fxe4 18. Bxh5 Rf5 19. Bg4 Rf6 20. Bxe6+ Rxe6
21. Nxe4 Rd5 22. f5 Rb6 23. c4 Rd3 24. Bxc5 Bxc5+ 25. Nxc5 Rd4 26. Rad1 Rbd6
27. Rxd4 exd4 28. Rd1 b6 29. Nd3 Rf6 30. g4 g5 31. fxg6 Rxg6 32. h3 a5 33. c5
bxc5 34. Nxc5 Rd6 35. Nb7 Rd5 36. a4 d3 37. Kf2 d2 38. Ke2 Kg7 39. Rxd2 Re5+
40. Kf2 Kh6 41. Nd6 Re6 42. Nf5+ Kg5 43. Rd5 Rf6 44. Kg2 Kf4 45. Rd4+ Ke5 46.
Rd7 h6 47. Rd6 Rxd6 48. Nxd6 Kxd6 49. h4 Ke5 50. Kf3 Kf6 51. Kf4 Kg6 52. h5+
Kh7 53. Kf5 Kg7 54. g5 hxg5 55. Kxg5 Kh7 56. Kf6 Kh6 57. Ke5 Kxh5 58. Kd5 Kg4
59. Kc5 Kf5 60. b4 axb4 61. Kxb4 1-0

[Event "Tournoi Skype 011B"]
[Site "Skype"]
[Date "????.??.??"]
[Round "2.4"]
[White "Ramirez Reina, Orlando"]
[Black "Raheja, Shiv"]
[Result "1-0"]
[WhiteElo "1447"]
[BlackElo "1303"]
[PlyCount "61"]

1. d4 Nf6 2. c4 c6 3. Nc3 e6 4. Bg5 d5 5. e3 Nbd7 6. Nf3 h6 7. Bh4 Bb4 8. Qc2
Qc7 9. Bg3 Qa5 10. Nd2 Qd8 11. Be2 Nb6 12. c5 Nbd7 13. a3 Bxc3 14. bxc3 b6 15.
cxb6 Nxb6 16. O-O O-O 17. Rfb1 Re8 18. Rb2 e5 19. Bxe5 Be6 20. Ba6 Nbd7 21. Bg3
Nh5 22. Bb7 Nxg3 23. hxg3 Rb8 24. Bxc6 Qc7 25. Bxd7 Qxd7 26. Nf3 Bg4 27. Ne5
Qc8 28. Rxb8 Qxb8 29. Nxg4 f5 30. Ne5 Rf8 31. Nd7 1-0

[Event "Tournoi Skype 011B"]
[Site "Skype"]
[Date "????.??.??"]
[Round "2.5"]
[White "Gabriele, Noel"]
[Black "Gerbaux, Regis"]
[Result "0-1"]
[WhiteElo "1339"]
[BlackElo "1436"]
[PlyCount "40"]

1. e4 e5 2. Nf3 Nc6 3. Nc3 Nf6 4. Bc4 Bc5 5. d3 Ng4 6. O-O O-O 7. Qe2 d6 8. h3
Nf6 9. Bg5 Qd7 10. Bxf6 gxf6 11. Nh4 Nd4 12. Qd1 f5 13. Nd5 Qd8 14. Qd2 c6 15.
Nc3 Qxh4 16. Rae1 Kh8 17. a3 Nf3+ 18. gxf3 Rg8+ 19. Kh2 fxe4 20. Rxe4 Qxh3# 0-1

[Event "Tournoi Skype 011B"]
[Site "Skype"]
[Date "????.??.??"]
[Round "2.6"]
[White "Vincent, Andre"]
[Black "Martin, Jean-Claude"]
[Result "0-1"]
[WhiteElo "1433"]
[BlackElo "1272"]
[PlyCount "80"]

1. d4 d5 2. c4 e6 3. Nf3 Nd7 4. Nc3 Ngf6 5. e3 Bb4 6. Bd2 O-O 7. Rc1 h6 8. Qc2
c6 9. Bd3 Re8 10. O-O Qc7 11. Rfe1 e5 12. dxe5 Nxe5 13. Be2 Bd6 14. Nh4 Bg4 15.
g3 Bxe2 16. Nxe2 dxc4 17. Red1 Nd3 18. Rb1 b5 19. a3 Nc5 20. Bb4 a5 21. Bxc5
Bxc5 22. a4 Bb6 23. b3 cxb3 24. Qxb3 Qe5 25. Ng6 Qe6 26. Qxe6 Rxe6 27. Ngf4 Re5
28. Rd7 Nxd7 29. Rd1 Nc5 30. axb5 cxb5 31. Nc3 Ne4 32. Nxe4 Rxe4 33. Ne2 Rd8
34. Rxd8+ Bxd8 35. Nc3 Rb4 36. Kg2 a4 37. Na2 Rb2 38. Nc1 a3 39. Kf3 a2 40.
Nxa2 Rxa2 0-1

[Event "Tournoi Skype 011B"]
[Site "Skype"]
[Date "????.??.??"]
[Round "2.7"]
[White "Farfallini, Michel"]
[Black "Mordaa, Ahmad"]
[Result "1-0"]
[WhiteElo "1293"]
[BlackElo "1426"]
[PlyCount "73"]

1. e4 c5 2. Nf3 Nc6 3. d4 cxd4 4. Nxd4 d6 5. Nc3 a6 6. Bd3 Nxd4 7. O-O Nf6 8.
Nd5 e5 9. Bg5 Be7 10. Bxf6 Bxf6 11. c3 Nc6 12. Bc4 b5 13. Bb3 O-O 14. a4 Rb8
15. Qd3 Na5 16. Bc2 Bd7 17. b4 Nc4 18. a5 Bc6 19. Ra2 Bxd5 20. exd5 Re8 21.
Qxh7+ Kf8 22. f4 Ke7 23. fxe5 Nxe5 24. Qe4 Ra8 25. Bb3 Rh8 26. c4 Rh4 27. Qe2
Qh8 28. h3 Qh7 29. cxb5 Re4 30. Qc2 Ng4 31. Qc7+ Ke8 32. b6 Bd4+ 33. Kh1 Nf2+
34. Raxf2 Bxf2 35. Rxf2 Qh4 36. Ba4+ Kf8 37. Qxf7# 1-0

[Event "Tournoi Skype 011B"]
[Site "Skype"]
[Date "????.??.??"]
[Round "2.8"]
[White "Cockayne, Curtis"]
[Black "Dupere, Francois"]
[Result "1-0"]
[WhiteElo "1399"]
[BlackElo "1205"]
[PlyCount "107"]

1. e4 d5 2. e5 c5 3. Nf3 Nc6 4. d4 Bg4 5. Be2 Bxf3 6. Bxf3 cxd4 7. Bf4 Qb6 8.
Bxd5 Qa5+ 9. Bd2 Qxd5 10. O-O Nxe5 11. Bc3 e6 12. Bxd4 Rd8 13. c3 Bc5 14. Re1
Bxd4 15. cxd4 f6 16. Nc3 Qxd4 17. Qxd4 Rxd4 18. h3 Ne7 19. Nb5 Rb4 20. Nc7+ Kf7
21. Rad1 Rxb2 22. Rd6 Kg6 23. Rxe6 Kf7 24. f4 Rc8 25. fxe5 Rxc7 26. exf6 gxf6
27. g4 h6 28. h4 Nd5 29. g5 fxg5 30. hxg5 hxg5 31. R6e5 Re7 32. Kf1 Rxe5 33.
Rxe5 Rb1+ 34. Kf2 Nf6 35. Kf3 Ng4 36. Kxg4 Kg6 37. Rxg5+ Kf7 38. Rf5+ Ke6 39.
Rf2 b5 40. Re2+ Kd5 41. Kf5 b4 42. Rd2+ Kc4 43. Ke4 a5 44. Rd4+ Kc3 45. Rd3+
Kb2 46. Rd2+ Ka1 47. Kd3 Rb2 48. Rd1+ Kxa2 49. Kc4 a4 50. Rd3 a3 51. Kb5 Rb1
52. Ka4 b3 53. Rc3 b2 54. Rxa3# 1-0

[Event "Tournoi Skype 011B"]
[Site "Skype"]
[Date "????.??.??"]
[Round "2.9"]
[White "Milanese, Serge"]
[Black "Rugman, Dan"]
[Result "1-0"]
[WhiteElo "1289"]
[BlackElo "1399"]
[PlyCount "47"]

1. e4 c5 2. Nf3 d6 3. Nc3 Nc6 4. d4 cxd4 5. Nxd4 Nf6 6. h3 e6 7. Bb5 Bd7 8. Be3
a6 9. Ba4 d5 10. Qf3 Bb4 11. O-O Bxc3 12. bxc3 dxe4 13. Qe2 Nxd4 14. Bxd7+ Qxd7
15. Bxd4 Qe7 16. Rad1 O-O 17. Be5 g6 18. f3 Nd5 19. fxe4 Nxc3 20. Bxc3 Qa3 21.
Bf6 Qxa2 22. Qe3 Qxc2 23. Qh6 Qc5+ 24. Rf2 1-0